|
|
|
|
| LEADER |
00000cam a2200000 a 4500 |
| 001 |
vtls008424978 |
| 003 |
SK-MaSNL |
| 005 |
20260311131254.0 |
| 008 |
230501s1986 xr frf 000 0 cze |
| 015 |
|
|
|a SNBA1986
|
| 020 |
|
|
|q (brožované)
|
| 035 |
|
|
|a urn:nbn:sk:snk-am00idz9
|
| 035 |
|
|
|a C3D75D46-F6B7-4200-BB3C-BD5435856353
|
| 040 |
|
|
|a SNK
|b slo
|c SNK
|e AACR2
|
| 041 |
0 |
|
|a cze
|
| 043 |
|
|
|a e-cs---
|
| 044 |
|
|
|a xr
|c CZ
|
| 072 |
|
7 |
|a 796
|x Šport. Hry. Telesné cvičenia
|2 konspekt
|
| 080 |
|
|
|a 796.034.2:061
|2 2011
|
| 080 |
|
|
|a (437)
|2 2011
|
| 080 |
|
|
|a (072)
|2 2011
|
| 100 |
1 |
|
|a Novotný, Pavel,
|d 1930-2008
|4 aut
|9 497125
|
| 245 |
1 |
0 |
|a Československý svaz tělesné výchovy - moje organizace
|b metodický materiál pro propagandisty a vedoucí politickovýchovného vzdělávání členů ČSTV
|c [autoři: P. Novotný, M. Huttr, J. Daněk]
|
| 260 |
|
|
|a Praha
|b Olympia
|c [1986]
|
| 300 |
|
|
|a 23 strán
|c 21 cm
|
| 490 |
1 |
|
|a Politickovýchovné vzdělávání členů ČSTV
|v 1986/87
|
| 500 |
|
|
|a Názov z obálky. Nepredajné. Vydal ÚV ČSTV, politickovýchovné oddelenie
|
| 521 |
|
|
|a Pre vnútornú potrebu ČSTV
|
| 610 |
2 |
7 |
|a Československý svaz tělesné výchovy.
|b Ústřední výbor
|2 SNKKA
|9 176874
|
| 650 |
0 |
7 |
|a telovýchovné organizácie
|2 SNKPH
|9 78448
|
| 651 |
|
7 |
|a Československo
|2 SNKPHgeo
|9 21376
|
| 655 |
|
7 |
|a metodické príručky
|2 SNKPH
|9 70250
|
| 700 |
1 |
|
|a Huttr, Miloslav
|4 aut
|9 497126
|
| 700 |
1 |
|
|a Daněk, Jiří
|4 aut
|9 5946
|
| 710 |
2 |
|
|a Československý svaz tělesné výchovy.
|b Ústřední výbor.
|b Politickovýchovné oddělení
|4 pbl
|9 158463
|
| 830 |
|
0 |
|a Politickovýchovné vzdělávání členů ČSTV
|9 497127
|
| 852 |
|
|
|a Slovenská národná knižnica
|
| 954 |
|
|
|a odborná, vedecká literatúra cudzojazyčná (svetová)
|2 lita
|
| 958 |
|
|
|a OND
|
| 958 |
|
|
|a EUIPO
|
| 999 |
|
|
|c 769080
|d 771010
|
| 952 |
|
|
|a SNK
|b SNK
|y PREZ
|7 0
|p 17A0475622
|o snkSC 69383
|i snkKIP 8001/87
|0 0
|1 0
|4 0
|d 2007-05-21
|f 1
|l 0
|r 2025-07-17 00:00:00
|w 2026-02-24
|
| 952 |
|
|
|a SNK
|b SNK
|y VYP
|7 0
|p 17A0495252
|o snkSC 69383 D1
|i snkKIP 8002/87
|0 0
|1 0
|4 0
|d 2006-01-18
|l 0
|r 2026-02-24 00:29:47
|w 2026-02-24
|